00696nam a2200241 a 4500001001300000003000900013005001700022008004100039020000800080082001600088100002200104245005900126260004200185300000900227500003500236505001000271650002800281700002200309902000800331942000700339952009300346999001500439nice12345678IN_TiNIC20260116011549.0050524s1932 oxfa grp 000 0 eng  ac000a891.49bBAI aBailey, T Grahame aHeritage of Indian Seriesb History of Urdu Literature aOxfordbOxford University Pressc1932 a120p aincludes index and biblioraphy2 aIndex aUrdu-Literature-history1 aBailey, T Grahame bSRS cBK 00104070aHMIbHMId2005-05-24g0.00l0o891.49 BAIp840r2005-05-24w2026-01-16yARB c2634d2634